00657nam a2200157 a 450000100100000000500170001000800410002704000250006808200150009310000400010824501080014826000930025630000200034995201130036999900170048200004572020201002052415.0150505s1980 dr 000 0 spa d aDO-SdBNPbspacBNPHU axxxxbxxxx1 aNavarro Castellanos, Alfonso97377310aSeguimiento de Jesús :bcatequesis de adultos, tercer nivel /cP. Alfonso Navarro Castellanos, MSpSC. aSantiago de los Caballeros, República Dominicana :bOficina del Sine Central,c[1980]. a71 p. ;c21 cm. 0010718PDaGRbGRcCTd2015-05-05iLF1l0oxxxx xxxxp45720-10r2020-06-25w2020-06-25yLFPDZNo se presta c45209d45209